Το τέλος είναι μόνο η αρχή

Αποθηκεύτηκε σε:
Λεπτομέρειες βιβλιογραφικής εγγραφής
Κύριος συγγραφέας: Κουνούνη-Πολυβίου, Θάλεια
Μορφή: Βιβλίο
Γλώσσα:Greek
Δημοσίευση: Αθήνα : Λιβάνη, c 2009
Σειρά:Ελληνική λογοτεχνία (Εκδοτικός Οργανισμός Λιβάνη)
Θέματα:
Ετικέτες: Προσθήκη ετικέτας
Δεν υπάρχουν, Καταχωρήστε ετικέτα πρώτοι!

MARC

LEADER 00000cam a2200000 a 4500
001 1/111130
008 160616t2009####gr | ||| |||| ||gre||
020 |a 9789601419107 
040 |a GR-MyUa  |b gre  |c GR-MyUa  |e AACR2 
041 0 |a gre 
082 7 |a 889.3   |2 (23) 
100 1 |a Κουνούνη-Πολυβίου, Θάλεια. 
245 1 2 |a Το τέλος είναι μόνο η αρχή /   |c Θάλεια Κουνούνη.  
260 |a Αθήνα :   |b Λιβάνη,   |c c 2009 
300 |a 332 σ. ;   |c 21 εκ.  
490 1 |a (Ελληνική λογοτεχνία / Εκδοτικός Οργανισμός Λιβάνη) 
650 0 |a Greek fiction, Modern. 
830 0 |a Ελληνική λογοτεχνία (Εκδοτικός Οργανισμός Λιβάνη) 
852 |a INST  |b RHODES  |e 20230531  |h 889.3 ΚΟΥ  |p 005400043612  |q 005400043612  |t BK  |y 0 
852 |a INST  |b SAMOS  |e 20160616  |h 889.3 ΚΟΥ  |p 005300043655  |q 005300043655  |t BK  |y 0 
970 |a Γουβάλα  |b Βάσω  |z 16-06-2016